Southville International School and Colleges
Your cart is empty.
  • Cart
  • Lists
    Public lists Eva Luna New books Lux_list list_1
    Your lists Log in to create your own lists
  • Log in to your account
  • Your cookies
  • Search history
Southville International School and Colleges
  • Advanced search
  • Recent comments
  • Most popular
  • Libraries

Log in to your account

Log in with GOOGLE


If you do not have an external account, but do have a local account, you can still log in:

  1. Home
  2. MARC view: Extended essay :
Normal view MARC view ISBD view

Extended essay : (Record no. 13313)

[ view plain ]
MARC details
000 -LEADER
fixed length control field 00692nam a22002177a 4500
003 - CONTROL NUMBER IDENTIFIER
control field OSt
005 - DATE AND TIME OF LATEST TRANSACTION
control field 20151028151439.0
008 - FIXED-LENGTH DATA ELEMENTS--GENERAL INFORMATION
fixed length control field 131024b xxu||||| |||| 00| 0 eng d
020 ## - INTERNATIONAL STANDARD BOOK NUMBER
International Standard Book Number 9781906345334
050 ## - LIBRARY OF CONGRESS CALL NUMBER
Classification number PE 1471
Item number .Of31 2010
100 ## - MAIN ENTRY--PERSONAL NAME
Personal name O' Farrell, Finbar
245 ## - TITLE STATEMENT
Title Extended essay :
Remainder of title approach your assessment the IB way /
Statement of responsibility, etc FInbar o'Farrell.
260 ## - PUBLICATION, DISTRIBUTION, ETC. (IMPRINT)
Place of publication, distribution, etc United Kingdom :
Name of publisher, distributor, etc International Baccalaureate Organization,
Date of publication, distribution, etc c2010.
300 ## - PHYSICAL DESCRIPTION
Extent 91 p. :
Other physical details ill. col. ;
Dimensions 27 cm.
650 ## - SUBJECT ADDED ENTRY--TOPICAL TERM
Topical term or geographic name as entry element Writing extended Essay
650 ## - SUBJECT ADDED ENTRY--TOPICAL TERM
Topical term or geographic name as entry element Extended Essay
650 ## - SUBJECT ADDED ENTRY--TOPICAL TERM
Topical term or geographic name as entry element planning extended essay
650 ## - SUBJECT ADDED ENTRY--TOPICAL TERM
Topical term or geographic name as entry element Writing Extended essay
General subdivision how
942 ## - ADDED ENTRY ELEMENTS (KOHA)
Source of classification or shelving scheme Library of Congress Classification
Koha item type Books
Holdings
Withdrawn status Lost status Source of classification or shelving scheme Damaged status Home library Current library Shelving location Date acquired Total Checkouts Total Renewals Full call number Barcode Date last seen Date checked out Copy number Price effective from Koha item type
    Library of Congress Classification   Luxembourg Library Luxembourg Library International Baccalaureate Section 10/24/2013 2 16 PE 1471 .Of31 2010 IB0117 05/04/2015 03/10/2015 1 10/24/2013 Books

Extended essay :

APA

O' Farrell F., . (2010). Extended essay. United Kingdom: International Baccalaureate Organization.

Chicago

O' Farrell Finbar, . 2010. Extended essay. United Kingdom: International Baccalaureate Organization.

Harvard

O' Farrell F., . (2010). Extended essay. United Kingdom: International Baccalaureate Organization.

MLA

O' Farrell Finbar, . Extended essay. United Kingdom: International Baccalaureate Organization. 2010.

  • Place hold
  • Print
  • Cite
  • Add to your cart (remove)
  • Save record
    BIBTEX Dublin Core MARCXML MARC (non-Unicode/MARC-8) MARC (Unicode/UTF-8) MARC (Unicode/UTF-8, Standard) MODS (XML) RIS
  • More searches
    Search for this title in:
    Other Libraries (WorldCat) Other Databases (Google Scholar) Online Stores (Bookfinder.com) Open Library (openlibrary.org)

Exporting to Dublin Core...

SOUTHVILLE LIBRARY

Southville International School and Colleges Library

1281 Tropical Ave. Cor. Luxembourg St., BF Homes International, Las Pinas City

Tel. No. 8256374 / 252358 Loc. 117/146

Powered by Koha